Planteamiento del señor Ministro de Relaciones Exteriores de Honduras, doctor Edgardo Paz Barnica, ante el Consejo Permanente de la OEA

sin resumen

Tallennettuna:
Bibliografiset tiedot
Aineistotyyppi: Teksti
Aiheet:
Tagit: Lisää tagi
Ei tageja, Lisää ensimmäinen tagi!

MARC

LEADER 00000 a a2200000 04500
001 15427
003
040
245 |a Planteamiento del señor Ministro de Relaciones Exteriores de Honduras, doctor Edgardo Paz Barnica, ante el Consejo Permanente de la OEA  
520 |a sin resumen  
650 |a RELACIONES INTERNACIONALES  
650 |a RELACIONES EXTERIORES  
650 |a POLITICA EXTERIOR  
650 |a DIPLOMACIA  
773 |g volumen 13, número 13; páginas 191-196  
999 |c 36461  |d 36461 
773 0 |0 43276  |9 4751  |d Tegucigalpa, Honduras: Universidad Nacional Autónoma de Honduras. Facultad de Ciencias Jurídicas y Sociales, 1970-  |o MFN: 0996  |t Revista de Derecho/